Central Library OPAC University of Rajshahi

مشكوة الصلوات Mishkaatus-salawat / (Record no. 81069)

MARC details
000 -LEADER
fixed length control field 00555naa a2200181 a 4500
001 - CONTROL NUMBER
control field 81069
003 - CONTROL NUMBER IDENTIFIER
rucl marc code BD-RjUL
005 - DATE AND TIME OF LATEST TRANSACTION
control field 20230114173044.0
008 - FIXED-LENGTH DATA ELEMENTS--GENERAL INFORMATION
fixed length control field 230114s1926 ii ||||| |||| 00| 0 ara d
035 ## - SYSTEM CONTROL NUMBER
System control number (BD-RjUL)81069
040 ## - CATALOGING SOURCE
Original cataloging agency BD-RjUL
Language of cataloging eng
Transcribing agency BD-RjUL
041 ## - LANGUAGE CODE
Language code of text/sound track or separate title ara
082 ## - DEWEY DECIMAL CLASSIFICATION NUMBER
Edition number 23
Classification number 297.3822
Author mark and year BAM 1928
245 10 - TITLE STATEMENT
Title مشكوة الصلوات Mishkaatus-salawat /
Statement of responsibility, etc. Selahuddin Mohd Elias Burney سلاح الدين محمد الياس بورني
260 ## - PUBLICATION, DISTRIBUTION, ETC. (IMPRINT)
Place of publication, distribution, etc. Lahore :
Name of publisher, distributor, etc. Taj com,
Date of publication, distribution, etc. 1926
300 ## - PHYSICAL DESCRIPTION
Pagination 152 p. ;
Size 18 cm
942 ## - ADDED ENTRY ELEMENTS (KOHA)
Source of classification or shelving scheme Dewey Decimal Classification
Koha item type Books
Holdings
Lost status Source of classification or shelving scheme Damaged status Not for loan Collection code Permanent Location Current Location Shelving location Date acquired Total Checkouts Full call number Date last seen Copy number Koha item type
  Dewey Decimal Classification   Not For Loan Non-fiction Central Library, University of Rajshahi Central Library, University of Rajshahi Reading Room 14/01/2023   A 297.3822 BAM 1928 14/01/2023 C-1 Books